[Event "Open internacional Sant Marti 2023"]
[Site "?"]
[Date "2023.07.15"]
[Round "3.1"]
[White "Subhayan, Kundu"]
[Black "Berdayes Ason, Dylan Isidro"]
[Result "1/2-1/2"]
[BlackElo "2509"]
[WhiteElo "2326"]
[LiveChessVersion "1.4.8"]

1. e4 {[%clk 1:28:02]} c6 {[%clk 1:30:39]} 2. Nc3 d5 {[%clk 1:31:07]} 3. Nf3
{[%clk 1:28:23]} dxe4 {[%clk 1:31:36]} 4. Nxe4 {[%clk 1:28:43]} Nf6
{[%clk 1:30:42]} 5. Nxf6+ {[%clk 1:28:29]} gxf6 {[%clk 1:30:25]} 6. d4
{[%clk 1:25:40]} Bg4 {[%clk 1:29:16]} 7. Be2 {[%clk 1:23:00]} e6 {[%clk 1:27:56]}
8. Bf4 {[%clk 1:23:04]} Bd6 {[%clk 1:23:19]} 9. Qd2 Qc7 {[%clk 1:23:47]} 10. Bxd6
{[%clk 1:17:27]} Qxd6 {[%clk 1:23:34]} 11. O-O-O {[%clk 1:14:11]} Nd7
{[%clk 1:22:03]} 12. h3 {[%clk 0:56:15]} Bf5 {[%clk 1:15:17]} 13. Qe3
{[%clk 0:53:42]} Nb6 14. Nh4 {[%clk 0:53:40]} Bg6 {[%clk 1:15:03]} 15. c4
{[%clk 0:46:30]} Qb4 {[%clk 1:06:31]} 16. Qd2 Qa4 17. b3 {[%clk 0:45:39]} Qa3+
{[%clk 1:06:55]} 18. Qb2 Qb4 {[%clk 1:05:55]} 19. Qd2 {[%clk 0:34:53]} Qa3+
{[%clk 1:06:20]} 20. Qb2 {[%clk 0:35:17]} Qd6 21. Qd2 {[%clk 0:32:25]} Nd7
{[%clk 1:05:51]} 22. Rhe1 {[%clk 0:32:38]} O-O-O {[%clk 1:01:09]} 23. Kb2
{[%clk 0:32:30]} Kb8 {[%clk 1:00:16]} 24. Qe3 {[%clk 0:31:57]} Rhe8
{[%clk 0:52:37]} 25. f4 {[%clk 0:31:15]} Qc7 {[%clk 0:42:26]} 26. Bf3
{[%clk 0:15:56]} f5 {[%clk 0:42:11]} 27. d5 {[%clk 0:16:02]} cxd5
{[%clk 0:40:07]} 28. cxd5 {[%clk 0:13:43]} Nf6 29. Qe5 {[%clk 0:14:09]} Qxe5+
{[%clk 0:38:25]} 30. Rxe5 exd5 31. Rxe8 {[%clk 0:08:44]} Rxe8 {[%clk 0:28:51]}
32. Bxd5 {[%clk 0:09:35]} Re2+ {[%clk 0:23:44]} 33. Ka3 Kc7 {[%clk 0:19:28]} 34.
Bf3 {[%clk 0:08:29]} Rf2 1/2-1/2

[Event "Open internacional Sant Marti 2023"]
[Site "?"]
[Date "2023.07.15"]
[Round "3.2"]
[White "Escalante Ramirez, Brian Sebasti"]
[Black "Thakur, Akash"]
[Result "1-0"]
[BlackElo "2193"]
[WhiteElo "2488"]
[LiveChessVersion "1.4.8"]

1. e4 {[%clk 1:30:57]} e5 {[%clk 1:30:51]} 2. Nc3 {[%clk 1:31:21]} Nc6
{[%clk 1:31:00]} 3. g3 {[%clk 1:31:46]} Nf6 {[%clk 1:31:12]} 4. Bg2
{[%clk 1:32:13]} Bc5 {[%clk 1:31:14]} 5. Nge2 {[%clk 1:32:38]} a5
{[%clk 1:30:41]} 6. d3 {[%clk 1:29:16]} d6 {[%clk 1:30:12]} 7. O-O
{[%clk 1:29:21]} Be6 {[%clk 1:25:45]} 8. Nd5 {[%clk 1:29:45]} h6 {[%clk 1:12:57]}
9. c3 {[%clk 1:29:45]} Bxd5 {[%clk 1:09:21]} 10. exd5 {[%clk 1:30:09]} Ne7
{[%clk 1:09:47]} 11. d4 {[%clk 1:28:21]} exd4 {[%clk 1:07:59]} 12. Nxd4
{[%clk 1:25:43]} O-O {[%clk 1:08:19]} 13. c4 {[%clk 1:18:05]} Qd7
{[%clk 1:05:47]} 14. b3 {[%clk 1:18:29]} Qg4 {[%clk 0:51:03]} 15. Bb2
{[%clk 1:17:54]} Qxd1 {[%clk 0:49:59]} 16. Rfxd1 {[%clk 1:13:27]} Nd7
{[%clk 0:48:11]} 17. Nb5 {[%clk 1:04:17]} Bb6 {[%clk 0:46:18]} 18. Kf1
{[%clk 1:04:00]} Nc5 {[%clk 0:42:57]} 19. Re1 {[%clk 0:50:14]} Rfe8
{[%clk 0:25:15]} 20. Rad1 {[%clk 0:39:03]} Kf8 {[%clk 0:22:15]} 21. Bh3
{[%clk 0:37:32]} Ng8 {[%clk 0:16:29]} 22. Bf5 {[%clk 0:34:29]} Nf6
{[%clk 0:15:48]} 23. f3 {[%clk 0:29:47]} Rxe1+ {[%clk 0:09:05]} 24. Rxe1
{[%clk 0:30:15]} Re8 {[%clk 0:09:29]} 25. Rxe8+ {[%clk 0:28:44]} Nxe8
{[%clk 0:09:34]} 26. Ke2 {[%clk 0:26:41]} Ke7 {[%clk 0:09:58]} 27. Bc2
{[%clk 0:25:50]} Nd7 {[%clk 0:08:55]} 28. f4 {[%clk 0:25:47]} Nef6
{[%clk 0:08:39]} 29. Kf3 {[%clk 0:25:48]} g6 {[%clk 0:04:38]} 30. h3
{[%clk 0:18:43]} h5 31. Bc3 {[%clk 0:13:02]} Ne8 {[%clk 0:04:10]} 32. Bd2
{[%clk 0:10:54]} Nef6 {[%clk 0:04:29]} 33. Nc3 {[%clk 0:08:47]} Bd4
{[%clk 0:03:32]} 34. Ne2 {[%clk 0:08:43]} Bb6 {[%clk 0:03:45]} 35. Bc3
{[%clk 0:09:12]} Ne8 {[%clk 0:03:48]} 36. g4 {[%clk 0:09:11]} hxg4+
{[%clk 0:04:07]} 37. hxg4 {[%clk 0:09:40]} Nef6 {[%clk 0:04:05]} 38. Ng3
{[%clk 0:09:55]} c6 {[%clk 0:02:52]} 39. g5 {[%clk 0:09:41]} Ne8 {[%clk 0:02:48]}
40. dxc6 {[%clk 0:10:02]} bxc6 {[%clk 0:03:14]} 41. Be4 {[%clk 0:10:28]} Nb8
{[%clk 0:02:36]} 42. f5 {[%clk 0:08:00]} gxf5 {[%clk 0:03:04]} 43. Nxf5+
{[%clk 0:08:28]} Ke6 {[%clk 0:01:54]} 44. Nd4+ {[%clk 0:07:55]} Kd7
{[%clk 0:02:15]} 45. Kg4 Bd8 {[%clk 0:01:53]} 46. Bf3 {[%clk 0:07:13]} Bb6
{[%clk 0:01:49]} 47. Kf4 {[%clk 0:03:59]} Nc7 {[%clk 0:01:12]} 48. Kf5
{[%clk 0:03:35]} Ne8 {[%clk 0:01:41]} 49. Ke4 {[%clk 0:01:48]} Na6
{[%clk 0:01:10]} 50. Bg4+ {[%clk 0:01:27]} Kc7 {[%clk 0:01:37]} 51. Bh5
{[%clk 0:01:54]} Nc5+ {[%clk 0:01:15]} 52. Kf3 {[%clk 0:01:00]} Nd3
{[%clk 0:00:34]} 53. Ne6+ {[%clk 0:00:47]} fxe6 {[%clk 0:00:33]} 54. Bxe8
{[%clk 0:01:16]} Kd8 {[%clk 0:00:32]} 55. Bxc6 {[%clk 0:00:51]} Ne5+
{[%clk 0:00:32]} 56. Bxe5 {[%clk 0:01:18]} dxe5 {[%clk 0:00:57]} 57. Ke4
{[%clk 0:00:51]} Bc7 {[%clk 0:01:25]} 58. c5 {[%clk 0:00:52]} Ke7
{[%clk 0:00:51]} 59. Kd3 {[%clk 0:01:16]} Kf7 {[%clk 0:00:54]} 60. Be4
{[%clk 0:01:45]} Bd8 {[%clk 0:00:33]} 61. g6+ {[%clk 0:02:11]} Ke8
{[%clk 0:00:31]} 62. Kc4 {[%clk 0:02:22]} 1-0

[Event "Open internacional Sant Marti 2023"]
[Site "?"]
[Date "2023.07.15"]
[Round "3.3"]
[White "Kaustuv, Kundu"]
[Black "Shyaamnikhil, P"]
[Result "1/2-1/2"]
[BlackElo "2473"]
[WhiteElo "2266"]
[LiveChessVersion "1.4.8"]

1. c4 {[%clk 1:30:36]} e6 {[%clk 1:30:32]} 2. Nf3 {[%clk 1:30:57]} d5
{[%clk 1:30:44]} 3. e3 {[%clk 1:31:21]} dxc4 {[%clk 1:27:41]} 4. Bxc4
{[%clk 1:31:41]} a6 {[%clk 1:28:06]} 5. d4 {[%clk 1:30:41]} c5 6. O-O cxd4
{[%clk 1:18:39]} 7. exd4 {[%clk 1:22:06]} Nf6 {[%clk 1:18:51]} 8. Nc3
{[%clk 1:21:42]} b5 {[%clk 1:18:56]} 9. Bb3 Bb7 {[%clk 1:06:54]} 10. Re1
{[%clk 1:16:12]} Be7 11. Bg5 b4 {[%clk 0:47:27]} 12. Ba4+ {[%clk 1:01:40]} Nbd7
{[%clk 0:36:25]} 13. d5 {[%clk 0:37:45]} O-O 14. dxe6 Nc5 {[%clk 0:33:59]} 15.
exf7+ {[%clk 0:36:36]} Rxf7 {[%clk 0:34:06]} 16. Ne5 {[%clk 0:29:34]} bxc3
{[%clk 0:23:53]} 17. Nxf7 Qxd1 {[%clk 0:19:37]} 18. Bxd1 {[%clk 0:24:13]} cxb2
{[%clk 0:19:12]} 19. Rb1 {[%clk 0:24:39]} Kxf7 {[%clk 0:18:55]} 20. Rxb2
{[%clk 0:25:14]} Rd8 {[%clk 0:16:48]} 21. Be2 Rd7 22. h3 {[%clk 0:21:17]} Be4
{[%clk 0:10:20]} 23. Bc4+ {[%clk 0:12:21]} Kg6 {[%clk 0:09:53]} 24. Bh4
{[%clk 0:11:10]} Rd4 {[%clk 0:06:44]} 25. Bf1 {[%clk 0:10:15]} Kf7
{[%clk 0:05:53]} 26. f3 {[%clk 0:10:22]} Na4 {[%clk 0:02:58]} 27. Rbe2
{[%clk 0:06:32]} Nc3 {[%clk 0:02:35]} 28. Rxe4 {[%clk 0:05:01]} Nfxe4
{[%clk 0:02:55]} 29. Bxe7 {[%clk 0:05:12]} Kxe7 {[%clk 0:03:20]} 30. Bxa6
{[%clk 0:05:26]} Kd6 {[%clk 0:01:55]} 31. fxe4 {[%clk 0:05:46]} Nxa2
{[%clk 0:01:34]} 32. e5+ {[%clk 0:03:08]} Ke7 {[%clk 0:01:47]} 33. Bb7
{[%clk 0:03:22]} Nb4 {[%clk 0:01:14]} 34. Be4 {[%clk 0:01:45]} g6
{[%clk 0:00:56]} 35. Bf3 {[%clk 0:01:12]} h5 {[%clk 0:00:48]} 36. Kh2
{[%clk 0:00:47]} Ke6 {[%clk 0:00:44]} 37. Be4 {[%clk 0:00:42]} Nd3
{[%clk 0:00:39]} 38. Re3 {[%clk 0:00:50]} Nxe5 {[%clk 0:01:03]} 39. Bxg6
{[%clk 0:01:14]} h4 40. Re4 {[%clk 0:00:52]} Rxe4 {[%clk 0:01:50]} 41. Bxe4
{[%clk 0:01:17]} Kf6 {[%clk 0:02:17]} 1/2-1/2

[Event "Open internacional Sant Marti 2023"]
[Site "?"]
[Date "2023.07.15"]
[Round "3.4"]
[White "Hernando Rodrigo, Julio Antonio"]
[Black "Macovei, Andrei"]
[Result "1/2-1/2"]
[BlackElo "2436"]
[WhiteElo "2240"]
[LiveChessVersion "1.4.8"]

1. d4 Nf6 {[%clk 1:30:37]} 2. c4 {[%clk 1:28:09]} e6 {[%clk 1:31:01]} 3. Nf3
{[%clk 1:28:31]} d5 {[%clk 1:30:45]} 4. g3 dxc4 {[%clk 1:29:38]} 5. Bg2
{[%clk 1:27:48]} c6 {[%clk 1:29:58]} 6. a4 {[%clk 1:27:47]} Bb4+ {[%clk 1:30:20]}
7. Bd2 {[%clk 1:27:04]} a5 8. Bxb4 {[%clk 1:12:14]} axb4 {[%clk 1:30:28]} 9. Ne5
{[%clk 1:12:00]} O-O {[%clk 1:25:00]} 10. O-O b5 {[%clk 0:59:56]} 11. Nxc6
{[%clk 1:09:25]} Nxc6 {[%clk 1:00:15]} 12. Bxc6 Rxa4 {[%clk 0:52:07]} 13. Rxa4
{[%clk 1:08:53]} bxa4 {[%clk 0:39:55]} 14. Qxa4 {[%clk 1:04:47]} Qb6
{[%clk 0:38:32]} 15. Qb5 {[%clk 1:04:54]} Qxd4 {[%clk 0:29:06]} 16. Qxb4
{[%clk 1:00:37]} Bd7 {[%clk 0:27:52]} 17. Bxd7 {[%clk 0:58:49]} Nxd7
{[%clk 0:23:37]} 18. Nc3 Qb6 19. Qxb6 {[%clk 0:51:57]} Nxb6 {[%clk 0:23:48]} 20.
Rd1 {[%clk 0:52:16]} Rb8 21. Rd6 {[%clk 0:52:16]} Kf8 {[%clk 0:22:14]} 22. Rc6
Rb7 {[%clk 0:18:29]} 23. Ne4 {[%clk 0:42:40]} Nd5 {[%clk 0:16:42]} 24. Nd6 Rxb2
{[%clk 0:12:09]} 25. e4 {[%clk 0:41:04]} Nb6 {[%clk 0:11:59]} 26. e5 f6 27. f4
{[%clk 0:33:55]} fxe5 {[%clk 0:11:43]} 28. fxe5 {[%clk 0:20:45]} Ke7
{[%clk 0:09:54]} 29. Nxc4 Nxc4 {[%clk 0:10:19]} 30. Rxc4 {[%clk 0:20:59]} Re2 31.
Rc7+ {[%clk 0:13:43]} Kf8 {[%clk 0:10:43]} 32. h4 {[%clk 0:12:42]} h5 33. Rc5
{[%clk 0:09:11]} Kf7 {[%clk 0:10:11]} 34. Kf1 {[%clk 0:09:31]} Re4 35. Kf2
{[%clk 0:09:47]} Kg6 {[%clk 0:10:55]} 36. Kf3 {[%clk 0:10:10]} Kf5
{[%clk 0:10:28]} 37. Rc7 {[%clk 0:09:37]} g6 {[%clk 0:09:08]} 38. Rc8
{[%clk 0:07:29]} Ra4 {[%clk 0:09:31]} 39. Rc5 {[%clk 0:03:30]} Ra3+
{[%clk 0:06:20]} 40. Kf2 Rd3 41. Ra5 {[%clk 0:01:52]} Rd5 {[%clk 0:06:27]} 42.
Ra4 {[%clk 0:01:08]} Kxe5 43. Rf4 {[%clk 0:01:35]} Rd3 {[%clk 0:03:25]} 44. Rf8
Rd4 45. Kf3 {[%clk 0:01:52]} Rg4 {[%clk 0:01:52]} 46. Rf7 {[%clk 0:01:32]} Kd6
47. Ra7 Ke5 {[%clk 0:00:37]} 48. Rf7 {[%clk 0:01:01]} Rb4 {[%clk 0:00:48]} 49.
Rf8 Rb3+ {[%clk 0:00:48]} 50. Kg2 {[%clk 0:01:33]} Rb7 {[%clk 0:00:54]} 51. Kf3
{[%clk 0:01:33]} Rg7 {[%clk 0:00:53]} 52. g4 {[%clk 0:01:47]} Rh7
{[%clk 0:00:49]} 53. Rg8 {[%clk 0:01:07]} hxg4+ {[%clk 0:00:39]} 54. Kxg4
{[%clk 0:01:33]} Kf6 {[%clk 0:01:02]} 55. Rf8+ {[%clk 0:01:37]} Rf7 56. Ra8
{[%clk 0:02:01]} Rb7 {[%clk 0:01:27]} 57. Rf8+ {[%clk 0:02:27]} Kg7 58. Ra8
{[%clk 0:01:22]} Rb4+ {[%clk 0:01:59]} 59. Kg5 {[%clk 0:01:40]} Rb5+
{[%clk 0:02:28]} 60. Kg4 Rb1 {[%clk 0:02:09]} 61. Kg5 {[%clk 0:01:52]} Rg1+
{[%clk 0:02:27]} 62. Kf4 Kf7 {[%clk 0:02:27]} 63. Ke5 {[%clk 0:01:30]} Re1+
{[%clk 0:02:23]} 64. Kf4 {[%clk 0:00:54]} e5+ 65. Kg4 Rg1+ {[%clk 0:02:48]} 66.
Kf3 {[%clk 0:01:21]} Ke6 {[%clk 0:02:59]} 67. Re8+ {[%clk 0:01:30]} Kf6
{[%clk 0:02:52]} 68. Rf8+ Ke7 {[%clk 0:02:41]} 69. Ra8 {[%clk 0:02:15]} Re1 70.
Kg4 Kf6 {[%clk 0:02:36]} 71. Ra6+ {[%clk 0:01:31]} Kg7 {[%clk 0:02:41]} 72. Re6
{[%clk 0:01:49]} Rg1+ {[%clk 0:01:49]} 73. Kf3 Rf1+ 74. Kg4 {[%clk 0:00:57]} Rf5
{[%clk 0:01:34]} 75. Ra6 {[%clk 0:00:47]} Kh6 {[%clk 0:01:52]} 76. Ra7
{[%clk 0:00:53]} Rf4+ {[%clk 0:01:54]} 77. Kg3 {[%clk 0:01:15]} Re4
{[%clk 0:00:41]} 78. Re7 {[%clk 0:01:36]} g5 {[%clk 0:00:46]} 79. hxg5+
{[%clk 0:01:57]} Kxg5 80. Kf3 {[%clk 0:02:14]} Re1 {[%clk 0:01:14]} 81. Kf2
{[%clk 0:02:28]} Re4 {[%clk 0:01:09]} 82. Kf3 {[%clk 0:02:53]} Rf4+
{[%clk 0:01:31]} 83. Ke3 {[%clk 0:03:18]} Kf6 {[%clk 0:01:57]} 84. Re8
{[%clk 0:03:28]} Ra4 {[%clk 0:01:59]} 85. Rf8+ {[%clk 0:03:30]} Ke7
{[%clk 0:02:26]} 86. Rb8 {[%clk 0:03:43]} Rd4 {[%clk 0:02:50]} 87. Rb6
{[%clk 0:04:06]} Rd6 {[%clk 0:03:14]} 88. Rxd6 {[%clk 0:04:30]} Kxd6
{[%clk 0:03:42]} 89. Ke4 {[%clk 0:04:55]} Ke6 {[%clk 0:04:11]} 90. Ke3
{[%clk 0:05:20]} Kd5 {[%clk 0:04:39]} 91. Kd3 {[%clk 0:05:45]} e4+
{[%clk 0:05:08]} 92. Ke3 {[%clk 0:06:11]} Ke5 {[%clk 0:05:36]} 93. Ke2
{[%clk 0:06:35]} Kd4 {[%clk 0:06:05]} 94. Kd2 {[%clk 0:07:00]} e3+
{[%clk 0:06:34]} 95. Ke2 {[%clk 0:07:25]} Ke4 {[%clk 0:07:02]} 96. Ke1
{[%clk 0:07:48]} Kd3 {[%clk 0:07:31]} 97. Kd1 {[%clk 0:08:14]} e2+
{[%clk 0:07:59]} 98. Ke1 {[%clk 0:08:43]} Ke3 {[%clk 0:08:24]} 1/2-1/2

[Event "Open internacional Sant Marti 2023"]
[Site "?"]
[Date "2023.07.15"]
[Round "3.5"]
[White "Narciso Dublan, Marc"]
[Black "Dahale, Atul"]
[Result "1/2-1/2"]
[BlackElo "2150"]
[WhiteElo "2424"]
[LiveChessVersion "1.4.8"]

1. d4 {[%clk 1:30:48]} Nf6 {[%clk 1:28:22]} 2. Nf3 {[%clk 1:30:35]} g6
{[%clk 1:27:52]} 3. Bf4 {[%clk 1:30:36]} Bg7 4. c3 {[%clk 1:29:43]} O-O
{[%clk 1:24:51]} 5. Nbd2 d6 {[%clk 1:22:12]} 6. e4 {[%clk 1:30:18]} Nc6
{[%clk 1:20:52]} 7. Bb5 {[%clk 1:27:08]} Nh5 {[%clk 1:19:05]} 8. Be3 Bd7 9. Qe2
{[%clk 1:14:09]} e5 {[%clk 1:18:01]} 10. dxe5 {[%clk 1:10:24]} dxe5
{[%clk 1:15:46]} 11. g3 {[%clk 1:08:52]} a6 {[%clk 1:14:32]} 12. Bc4
{[%clk 0:50:29]} Qe7 {[%clk 1:05:56]} 13. Bg5 Nf6 {[%clk 1:05:25]} 14. h3
{[%clk 0:48:48]} Be6 {[%clk 1:05:32]} 15. Kf1 {[%clk 0:45:43]} h6
{[%clk 0:56:05]} 16. Bxf6 {[%clk 0:43:39]} Qxf6 {[%clk 0:55:19]} 17. Bxe6
{[%clk 0:44:03]} Qxe6 {[%clk 0:54:53]} 18. Kg2 {[%clk 0:43:57]} f5
{[%clk 0:49:47]} 19. Qc4 {[%clk 0:42:54]} Rae8 {[%clk 0:47:02]} 20. Rhe1
{[%clk 0:43:18]} Qxc4 {[%clk 0:46:42]} 21. Nxc4 {[%clk 0:41:24]} f4
{[%clk 0:42:32]} 22. a4 {[%clk 0:39:33]} Rf7 {[%clk 0:42:39]} 23. g4
{[%clk 0:38:20]} Rd7 24. Red1 Red8 {[%clk 0:42:43]} 25. Rxd7 {[%clk 0:38:35]}
Rxd7 {[%clk 0:43:09]} 26. Kf1 {[%clk 0:38:58]} Kf7 {[%clk 0:38:46]} 27. Ke2
{[%clk 0:38:20]} Ke6 {[%clk 0:36:14]} 28. b4 Nd8 29. b5 {[%clk 0:36:53]} axb5
{[%clk 0:35:36]} 30. axb5 {[%clk 0:18:56]} Nf7 {[%clk 0:33:50]} 31. Nfd2
{[%clk 0:17:13]} b6 {[%clk 0:30:40]} 32. f3 {[%clk 0:15:55]} Bf8 33. Ra8
{[%clk 0:16:09]} Rd8 {[%clk 0:28:56]} 34. Ra7 {[%clk 0:16:08]} Rd7
{[%clk 0:28:01]} 35. Nb3 {[%clk 0:10:31]} h5 36. Nb2 {[%clk 0:10:17]} Nd6
{[%clk 0:15:52]} 37. Ra8 {[%clk 0:08:14]} Rf7 {[%clk 0:12:27]} 38. gxh5
{[%clk 0:08:37]} gxh5 {[%clk 0:12:52]} 39. c4 {[%clk 0:06:30]} Be7
{[%clk 0:11:20]} 40. Rg8 Bf6 41. Nd2 {[%clk 0:03:38]} Rg7 {[%clk 0:09:19]} 42.
Rxg7 {[%clk 0:04:00]} Bxg7 {[%clk 0:09:48]} 43. Nd3 1/2-1/2

[Event "Open internacional Sant Marti 2023"]
[Site "?"]
[Date "2023.07.15"]
[Round "3.6"]
[White "Jimenez Munoz, Nicolas"]
[Black "Arenas, David"]
[Result "0-1"]
[BlackElo "2418"]
[WhiteElo "2204"]
[LiveChessVersion "1.4.8"]

1. e4 {[%clk 1:30:58]} c5 {[%clk 1:25:51]} 2. Nf3 Nc6 3. d4 {[%clk 1:28:50]} cxd4
{[%clk 1:26:28]} 4. c3 dxc3 {[%clk 1:24:29]} 5. Nxc3 {[%clk 1:29:37]} d6 6. Bc4
{[%clk 1:29:47]} a6 {[%clk 1:25:11]} 7. O-O {[%clk 1:28:52]} Nf6 {[%clk 1:25:35]}
8. Bf4 {[%clk 1:28:17]} Bg4 {[%clk 1:25:58]} 9. Qb3 {[%clk 1:22:41]} e6 10. Qxb7
{[%clk 1:14:08]} Na5 {[%clk 1:26:19]} 11. Qb4 {[%clk 1:14:29]} e5
{[%clk 1:26:31]} 12. Bg5 d5 13. Qa4+ {[%clk 1:04:22]} Bd7 {[%clk 1:26:52]} 14.
Qc2 {[%clk 1:04:28]} dxc4 {[%clk 0:51:08]} 15. Nxe5 Be7 {[%clk 0:51:32]} 16. Rad1
{[%clk 1:02:51]} Ra7 {[%clk 0:47:40]} 17. Rd2 {[%clk 0:43:52]} Qc8
{[%clk 0:46:29]} 18. Nxd7 {[%clk 0:43:47]} Rxd7 {[%clk 0:19:26]} 19. Rxd7
{[%clk 0:37:12]} Qxd7 20. e5 {[%clk 0:36:42]} Ng8 {[%clk 0:17:50]} 21. Rd1 Qc6
22. Bxe7 {[%clk 0:27:15]} Nxe7 {[%clk 0:18:08]} 23. Rd6 Qb7 {[%clk 0:16:41]} 24.
Ne4 {[%clk 0:16:52]} O-O {[%clk 0:16:41]} 25. Nf6+ {[%clk 0:16:36]} gxf6
{[%clk 0:16:51]} 26. exf6 {[%clk 0:17:03]} Qb4 {[%clk 0:15:02]} 27. Rd1
{[%clk 0:17:03]} Ng6 {[%clk 0:15:02]} 28. h4 {[%clk 0:17:03]} c3 {[%clk 0:15:02]}
29. bxc3 {[%clk 0:17:03]} Qxh4 {[%clk 0:15:02]} 30. Qf5 {[%clk 0:17:03]} Nc6
{[%clk 0:15:02]} 31. g3 {[%clk 0:17:03]} Qc4 {[%clk 0:15:02]} 32. Qg5
{[%clk 0:17:03]} Qxc3 {[%clk 0:15:02]} 33. Rd6 {[%clk 0:17:03]} Qe1+
{[%clk 0:15:02]} 34. Kg2 {[%clk 0:17:03]} Qe4+ {[%clk 0:15:02]} 35. Kg1
{[%clk 0:17:03]} Nd4 {[%clk 0:15:02]} 36. Qh5 {[%clk 0:17:03]} Rc8
{[%clk 0:15:02]} 37. Kh2 {[%clk 0:17:03]} Nf3+ {[%clk 0:15:02]} 38. Kh3
{[%clk 0:17:03]} Nfh4 {[%clk 0:15:02]} 39. Qg5 {[%clk 0:17:03]} Qg2+
{[%clk 0:15:02]} 40. Kg4 {[%clk 0:17:03]} Qf3+ {[%clk 0:15:02]} 41. Kh3
{[%clk 0:17:03]} h5 {[%clk 0:15:02]} 42. Qd5 {[%clk 0:17:03]} Nf4+
{[%clk 0:08:28]} 0-1

[Event "Open internacional Sant Marti 2023"]
[Site "?"]
[Date "2023.07.15"]
[Round "3.7"]
[White "Serrano Batova, Vicent"]
[Black "Marin Posada, Sebastian"]
[Result "1/2-1/2"]
[BlackElo "2265"]
[WhiteElo "2061"]
[LiveChessVersion "1.4.8"]

1. d4 {[%clk 1:30:58]} Nf6 {[%clk 1:25:08]} 2. Nf3 {[%clk 1:31:26]} b6
{[%clk 1:25:24]} 3. e3 {[%clk 1:31:37]} Bb7 {[%clk 1:25:29]} 4. Bd3
{[%clk 1:32:02]} g6 {[%clk 1:25:41]} 5. Nbd2 {[%clk 1:32:24]} c5 {[%clk 1:25:50]}
6. e4 {[%clk 1:29:54]} cxd4 {[%clk 1:22:05]} 7. Nxd4 {[%clk 1:30:20]} Nc6
{[%clk 1:22:14]} 8. Nxc6 {[%clk 1:30:08]} Bxc6 {[%clk 1:22:13]} 9. O-O
{[%clk 1:27:54]} Bg7 {[%clk 1:21:11]} 10. c3 {[%clk 1:26:29]} d6 {[%clk 1:20:01]}
11. Qe2 {[%clk 1:25:29]} O-O {[%clk 1:20:00]} 12. a4 {[%clk 1:25:26]} Nd7 13. Nb3
{[%clk 1:13:35]} Nc5 {[%clk 1:08:47]} 14. Nxc5 {[%clk 1:07:36]} bxc5
{[%clk 1:07:27]} 15. Bb5 {[%clk 1:03:42]} Qb6 {[%clk 1:05:03]} 16. Bxc6
{[%clk 1:03:43]} Qxc6 {[%clk 1:05:31]} 17. Bg5 {[%clk 1:00:50]} Rfe8
{[%clk 1:00:27]} 18. Qc4 a5 {[%clk 0:45:59]} 19. Rad1 {[%clk 0:57:23]} Rab8
{[%clk 0:44:38]} 20. Bc1 {[%clk 0:57:50]} Qb7 {[%clk 0:37:16]} 21. Rd5
{[%clk 0:50:36]} Qb3 {[%clk 0:35:09]} 22. Qxb3 {[%clk 0:50:57]} Rxb3
{[%clk 0:35:37]} 23. f4 {[%clk 0:50:00]} Bf8 {[%clk 0:26:50]} 24. Rfd1
{[%clk 0:43:41]} e6 {[%clk 0:25:02]} 25. R5d3 {[%clk 0:40:42]} f5
{[%clk 0:24:00]} 26. e5 {[%clk 0:40:37]} d5 {[%clk 0:22:16]} 27. Kf2
{[%clk 0:34:02]} Reb8 {[%clk 0:22:27]} 28. Ke2 Be7 {[%clk 0:21:05]} 29. h3
{[%clk 0:26:53]} Kf7 {[%clk 0:14:22]} 30. g4 {[%clk 0:26:46]} Bh4
{[%clk 0:12:09]} 31. Kd2 {[%clk 0:24:25]} c4 {[%clk 0:07:26]} 32. Re3
{[%clk 0:22:47]} Bf2 33. Rf3 {[%clk 0:21:13]} Bc5 {[%clk 0:05:51]} 34. Ke2
{[%clk 0:20:02]} h5 {[%clk 0:05:38]} 35. gxf5 {[%clk 0:16:45]} gxf5
{[%clk 0:06:05]} 36. Rg3 {[%clk 0:16:45]} d4 {[%clk 0:06:08]} 37. Rg5
{[%clk 0:15:59]} d3+ {[%clk 0:06:16]} 38. Kf3 {[%clk 0:15:02]} Be7
{[%clk 0:02:36]} 39. Rg2 {[%clk 0:14:08]} Bc5 {[%clk 0:03:05]} 40. Rdd2
{[%clk 0:13:30]} Rd8 {[%clk 0:02:54]} 41. Rg5 {[%clk 0:13:36]} Be7
{[%clk 0:03:16]} 42. Rg1 {[%clk 0:12:58]} Bc5 {[%clk 0:03:45]} 43. Rg5
{[%clk 0:13:20]} Be7 {[%clk 0:04:14]} 44. Rg1 {[%clk 0:13:45]} Rbb8
{[%clk 0:03:49]} 45. Rgg2 {[%clk 0:13:13]} Rh8 {[%clk 0:02:51]} 46. Rg1
{[%clk 0:13:31]} Bc5 {[%clk 0:03:04]} 47. Rg5 {[%clk 0:13:52]} Be7
{[%clk 0:02:03]} 48. Rgg2 {[%clk 0:14:17]} Bc5 {[%clk 0:01:17]} 49. Rg5
{[%clk 0:14:43]} Be7 {[%clk 0:01:30]} 50. Rg1 {[%clk 0:15:07]} Bc5
{[%clk 0:01:56]} 51. Rg5 {[%clk 0:15:33]} Be7 {[%clk 0:02:25]} 52. Rg1
{[%clk 0:15:55]} Bc5 {[%clk 0:02:50]} 1/2-1/2

[Event "Open internacional Sant Marti 2023"]
[Site "?"]
[Date "2023.07.15"]
[Round "3.8"]
[White "Asis Gargatagli, Hipolito"]
[Black "Suvradeepta, Das"]
[Result "1/2-1/2"]
[BlackElo "2110"]
[WhiteElo "2530"]
[LiveChessVersion "1.4.8"]

1. e4 {[%clk 1:30:57]} c6 {[%clk 1:30:54]} 2. d4 d5 {[%clk 1:31:22]} 3. e5
{[%clk 1:31:43]} Bf5 {[%clk 1:31:50]} 4. h4 {[%clk 1:32:09]} h5 {[%clk 1:32:18]}
5. Bd3 {[%clk 1:32:34]} Bxd3 {[%clk 1:32:45]} 6. Qxd3 {[%clk 1:32:59]} e6
{[%clk 1:33:03]} 7. Nf3 {[%clk 1:33:18]} Qa5+ {[%clk 1:33:08]} 8. Nbd2
{[%clk 1:33:42]} Qa6 {[%clk 1:33:20]} 9. c4 {[%clk 1:34:06]} Bb4 {[%clk 1:33:41]}
10. O-O Nh6 {[%clk 1:33:09]} 11. b3 {[%clk 1:32:04]} Nf5 {[%clk 1:31:20]} 12. Qc2
{[%clk 1:17:26]} O-O 13. Rd1 {[%clk 1:15:29]} Be7 {[%clk 1:29:02]} 14. Nf1
{[%clk 1:11:15]} Nd7 {[%clk 1:25:30]} 15. Bg5 Bxg5 {[%clk 1:12:03]} 16. Nxg5
{[%clk 1:02:49]} g6 {[%clk 1:04:25]} 17. Ng3 Ng7 18. cxd5 {[%clk 0:29:08]} cxd5
{[%clk 1:04:36]} 19. Rac1 Nb6 20. Qd2 {[%clk 0:23:16]} Rac8 {[%clk 0:53:41]} 21.
Nh3 {[%clk 0:23:07]} Kh7 {[%clk 0:47:44]} 22. a4 {[%clk 0:22:44]} Nd7
{[%clk 0:34:06]} 23. Rxc8 {[%clk 0:10:38]} Rxc8 {[%clk 0:34:35]} 24. Qb4 Kg8
{[%clk 0:27:30]} 25. Qe7 {[%clk 0:10:22]} Qc6 {[%clk 0:26:34]} 26. Ng5
{[%clk 0:08:11]} Rf8 {[%clk 0:26:55]} 27. Rd3 Qc1+ {[%clk 0:17:03]} 28. Kh2
{[%clk 0:08:05]} Qc8 {[%clk 0:17:13]} 29. Rf3 {[%clk 0:07:58]} Qe8 30. Qd6
{[%clk 0:05:45]} Nb8 {[%clk 0:13:12]} 31. Qc5 {[%clk 0:03:48]} Nc6
{[%clk 0:12:24]} 32. Rc3 {[%clk 0:03:36]} a5 {[%clk 0:11:44]} 33. Nf3 Qd7
{[%clk 0:10:47]} 34. Qb5 {[%clk 0:03:53]} Qe7 {[%clk 0:10:57]} 35. Kg1
{[%clk 0:04:01]} Rd8 {[%clk 0:10:45]} 36. Rc5 {[%clk 0:04:34]} Ne8
{[%clk 0:09:10]} 37. Nf1 Rc8 {[%clk 0:09:02]} 38. Rc2 {[%clk 0:03:13]} Rc7
{[%clk 0:07:57]} 39. Ne3 {[%clk 0:03:06]} Qb4 {[%clk 0:07:10]} 40. Qxb4
{[%clk 0:03:13]} Nxb4 {[%clk 0:07:39]} 41. Rxc7 {[%clk 0:03:39]} Nxc7
{[%clk 0:06:16]} 42. Kf1 {[%clk 0:04:03]} b5 43. Ke2 {[%clk 0:03:05]} bxa4
{[%clk 0:06:41]} 44. bxa4 {[%clk 0:03:33]} Na8 {[%clk 0:06:59]} 45. Nd1
{[%clk 0:03:57]} Nb6 {[%clk 0:07:03]} 46. Nc3 {[%clk 0:04:18]} Nc4
{[%clk 0:07:04]} 47. Nd2 {[%clk 0:03:34]} Nb6 {[%clk 0:06:19]} 48. Nb3
{[%clk 0:03:58]} Nc4 {[%clk 0:06:41]} 49. Nd2 {[%clk 0:03:53]} Nb6
{[%clk 0:07:09]} 50. Nb3 {[%clk 0:04:22]} Nc4 {[%clk 0:07:38]} 51. Nd2
{[%clk 0:04:51]} 1/2-1/2